000 00669cam a2200217 4500
001 B1066
008 090401t1983 xxu||||| |||| 00| 0 eng d
035 _a(Sirsi) u42411
041 _aeng
050 _a333.33709424
110 _aEdwards Bigwood and Bewlay
_91934
245 _aAvailability of office accommodation: Birmingham district. - Spring 1982 - Spring 1983
260 _aBirmingham
_bEdwards Bigwood and Bewlay
_c1982-1983
300 _a5v. ; 32cm.
350 _a0
520 _aFor later issues see Colliers Bigwood Bewlay. Availability of office accommodation.
650 _aOFFICES
650 _aWEST MIDLANDS
942 _n0
948 _c04/03/1997
999 _c91105
_d91105